Responses for show #3206 - Monday, July 6, 1998

Dan Girard game 2.

Contestants

[<< previous game]

Jill Heintze, from Kentucky

David Evans, an inventory specialist from San Clemente, California (whose 1-day cash winnings total $5,600)

Dan Girard, a landscape artist from Altadena, California (whose 1-day cash winnings total $5,600)

[next game >>]

Jeopardy! Round responses

HISTORIC EUROPEANS
SAINTS' DAYS
LEFTOVERS
RAILROADING
SINGERS
(5,5)
(Alex: Each correct response will have two words of five letters each.)
    $100 1
Nero

Dan
    $100 7
Saint George

Dan
    $100 16
Garlic

Dan
    $100 6
(Dan: What are conductors?)

Engineers

DanJill
    $100 23
Billy Joel

David
    $100 21
(J: What is 5:50?)

Alarm clock/clock radio

DanJill
    $200 2
Charlemagne

Dan
    $200 8
March 17

Jill
    $200 17
Brain

Dan
    $200 12
Tracks

Dan
    $200 24
(David: Who is Archie Dell?)

James Brown

DavidJill
    $200 22
Black Death

Jill
    $300 3
Richard III

Dan
    $300 9
(David: Who is Saint Gail?)

Agatha & Dorothy

DavidJill
    $300 18
Horses

Dan
    $800 13
Boxcars

Dan
    $300 25
Bruce Springsteen

Jill
    $300 30
Santa Claus

Dan
    $400 4
Peter the Great

David
    $400 10
Saint Matilda

Dan
    $400 19
Brahmans

David
    $400 14
Platform

Dan
    $400 26
(Jill: Who are Buffalo Springfield & Crosby, Stills, Nash & Young?)
(Alex: No, we won't have that--sorry!)

Buffalo Springfield & Crosby, Stills & Nash

DavidJill
    $400 29
Forty winks

Dan
    $500 5
Benito Mussolini

Dan
    $500 11
Saint Eligius

Dan
    $500 20
Aetna

Dan
    $500 15
(Dan: What is a section?)

Berth

Dan
Triple Stumper
    $500 27
(David: Who is Garth Brooks?)

Reba McEntire

David
Triple Stumper
    $500 28
Vital signs

Dan

Scores at the first commercial break (after clue 13):

Dan David Jill
$3,000 $100 $600

Scores at the end of the Jeopardy! Round:

Dan David Jill
$5,300 $300 $800

Double Jeopardy! Round responses

FICTIONAL FEMALES
GYMNASTICS
1965
POLITICIANS
PEOPLE & PLACES
MORE CELEBRITY RHYME TIME
    $200 17
Charlotte Bronte

David
    $200 16
(Alex: ...about the size of the hula hoop; ohhh, I gave it, no harm, no foul, but it was the question of who rang in first & David did!)

Hoop

David
    $200 2
Draft cards

Dan
    $200 11
Richard M. Nixon

David
    $200 1
Brussels

Dan
    $200 27
Troy's toys

David
    $400 18
George Eliot

Dan
    $400 19
Dismount

David
    $400 3
UNICEF

David
    $400 12
Newt Gingrich

David
    $400 7
Louisiana

David
    $400 29
Lynn's sins

Dan
    $600 23
(and we have about a minute to go...)
(Note: "Moll Cut-Purse" is the spelling on the tape, despite most listings having it without a dash.)

Moll Flanders

David
    $1,500 20
(David: What is cayer?)

Tumbling

David
    $600 4
Mont Blanc

David
    $600 13
George Pataki

Dan
    $1,500 8
Saudi Arabia (Medina)

David
    $600 30
(Alex: Jill, unfortunately not able to get out of that negative situation at the end, so you'll receive our third place prize.)

Mandy's candies

Dan
    $800 22
Tess

Dan
    $800 25
(David: What is a pogo stick?)

Trampoline

DavidJill
    $800 5
Gary Lewis

David
    $800 14
Christine Todd Whitman

Dan
    $800 9
Latvians

Dan
    $800 28
Rip's dips

Dan
    $1000 21
Madame Defarge

Dan
    $1000 26
Balance beam

Triple Stumper
    $1000 6
(Dan: What is Education?)
(J: What is HEW?)

HUD (Housing and Urban Development)

DanJill
Triple Stumper
    $1000 15
(J: What is Washington?)

Maine

DanJill
    $1000 10
Maltese

Dan
    $1000 24
(David: What are Lange's phlanges?)

Lange's bangs

DanDavid

Scores at the end of the Double Jeopardy! Round:

Dan David Jill
$13,900 $2,900 -$400
(lock game)

[wagering suggestions for these scores]

Final Jeopardy! Round responses

WESTERNS
(Alex: Cowboy stuff!)
(Alex: Apparently, the author wasn't thinking about William Boyd at the time.)
DavidWho was Sage Br
$2,899
DanWho is the Virginian
$7,100
Hopalong Cassidy

Final scores:

Dan David Jill
$6,800 $1 -$400
2-day champion: $12,400 2nd place: a trip to Green Granite Inn, New Hampshire 3rd place: DirecTV satellite system

Game dynamics:

Coryat scores:

Dan David Jill
$13,400 $3,500 -$400
32 R
(including 1 DD),
3 W
16 R
(including 1 DD),
6 W
(including 1 DD)
7 R,
4 W

Combined Coryat: $16,500

The J! Archive is created by fans, for fans. The Jeopardy! game show and all elements thereof, including but not limited to copyright and trademark thereto, are the property of Jeopardy Productions, Inc. and are protected under law. This website is not affiliated with, sponsored by, or operated by Jeopardy Productions, Inc. Join the discussion at JBoard.tv.